Hooligan's rant

Saved in:
Bibliografiske detaljer
Hovedforfatter: Blair, Iain (Author)
Format: Bog
Sprog:engelsk
Udgivet: Londres New English Library 1979
Fag:
Tags: Tilføj Tag
Ingen Tags, Vær først til at tagge denne postø!

MARC

LEADER 00000cam a2200000 a 4500
001 UCF6282
003 CL-VaPUC
008 130418e19790000UK |||||||||||||||||eng|d
082 0 4 |a 823  |b BLA  |2 21 
100 0 |a Blair, Iain  |e author  |9 568291 
245 1 0 |a Hooligan's rant 
300 |a 175 p 
942 |c BK 
945 |d 20130418 00:00:00  |a dcastane 
260 |a Londres  |b New English Library  |c 1979 
650 0 |a Novelas inglesas  |9 265220 
650 0 |a Literatura inglesa  |9 312907 
583 |a last modification  |c 20130418 10:21:00  |k Rodrigo Vera 
999 |c 351554  |d 351552 
952 |0 0  |1 0  |4 0  |6 823_000000000000000_BLA_1979  |7 0  |8 A  |9 455736  |a BIBEDU  |b BIBEDU  |d 2019-11-22  |i 4947436  |o 823 BLA 1979  |p 4947436  |r 2019-11-22  |w 2019-11-22  |y BK  |k LIT